Giraffes cannot dance (Record no. 262908)
[ view plain ]
| 000 -LEADER | |
|---|---|
| fixed length control field | 00261nam a22000977a 4500 |
| 020 ## - INTERNATIONAL STANDARD BOOK NUMBER | |
| ISBN | 9780439287197 |
| 100 ## - MAIN ENTRY--AUTHOR NAME | |
| Personal name | Andreae, Giles |
| 245 ## - TITLE STATEMENT | |
| Title | Giraffes cannot dance |
| 260 ## - PUBLICATION, DISTRIBUTION, ETC. (IMPRINT) | |
| Place of publication | New York : |
| Name of publisher | Orchard Books, an imprint of Scholastic Inc. |
| Year of publication | 2001. |
| 942 ## - ADDED ENTRY ELEMENTS (KOHA) | |
| Koha item type | Long Loan Books |
| Withdrawn status | Lost status | Collection code | Home library | Current library | Shelving location | Date acquired | Koha item type |
|---|---|---|---|---|---|---|---|
| Fiction | Rongo University Library | Rongo University Library | Children's Area | 19/02/2024 | Long Loan Books |
